LEADER 00950nam0-2200325---450- 001 990008388460403321 005 20061002110522.0 010 $a0-7355-5788-8 035 $a000838846 035 $aFED01000838846 035 $a(Aleph)000838846FED01 035 $a000838846 100 $a20061002d2006----km-y0itay50------ba 101 0 $aeng 102 $aUS 105 $ay---n---001yy 200 1 $a<>law of debtors and creditors$etext, cases, and problems$fElizabeth Warren, Jay Lawrence Westbrook 205 $a5th ed. 210 $aNew York$cASPEN Publishers$dc2006 215 $aXXXI, 927 p.$d26 cm 676 $a346.73077$v21$zita 700 1$aWarren,$bElizabeth$0278193 701 1$aWestbrook,$bJay Lawrence$0278194 801 0$aIT$bUNINA$gRICA$2UNIMARC 901 $aBK 912 $a990008388460403321 952 $aVIII L 403$b49364*$fFGBC 959 $aFGBC 996 $aLaw of debtors and creditors$9724259 997 $aUNINA LEADER 01276nam 2200409 450 001 9910468001303321 005 20200520144314.0 010 $a3-8325-9166-4 035 $a(CKB)4910000000017338 035 $a(MiAaPQ)EBC5850430 035 $a(Au-PeEL)EBL5850430 035 $a(OCoLC)1112421877 035 $a(EXLCZ)994910000000017338 100 $a20190917d2014 uy 0 101 0 $aeng 135 $aurcnu|||||||| 181 $ctxt$2rdacontent 182 $cc$2rdamedia 183 $acr$2rdacarrier 200 10$aData compression and compressed sensing in imaging mass spectrometry and sporadic communication /$fAndreas Bartels 210 1$aBerlin :$cLogos Verlag,$d[2014] 210 4$dİ2014 215 $a1 online resource (192 pages) $cillustrations 311 $a3-8325-3850-X 320 $aIncludes bibliographical references. 606 $aMass spectrometry 608 $aElectronic books. 615 0$aMass spectrometry. 676 $a543.0873 700 $aBartels$b Andreas$0922182 801 0$bMiAaPQ 801 1$bMiAaPQ 801 2$bMiAaPQ 906 $aBOOK 912 $a9910468001303321 996 $aData compression and compressed sensing in imaging mass spectrometry and sporadic communication$92069326 997 $aUNINA